| 000 | 00883cam a2200265 a 4500 | ||
|---|---|---|---|
| 999 |
_c1330 _d1330 |
||
| 003 | OSt | ||
| 005 | 20200801115709.0 | ||
| 008 | 151007t20162016ph b 001 0 eng d | ||
| 020 |
_a9781784712334 _q(paperback) |
||
| 020 |
_a1784712337 _q(paperback) |
||
| 040 |
_aPHADU _cKABLIB _dKABLIB |
||
| 042 | _alccopycat | ||
| 082 | 0 | 4 |
_a351 _223 _bPOL |
| 100 | 1 |
_aPollitt, Christopher, _eAuthor. _93860 |
|
| 245 | 1 | 0 |
_aAdvanced Introduction to Public Management and Administration / _cChristopher Pollitt. |
| 264 | 1 |
_aCheltenham, UK : _bEdward Elgar Publishing, _c[2016]. |
|
| 264 | 4 | _c©2016 | |
| 300 |
_axvi, 170 pages ; _c22 cm. |
||
| 490 | 1 | _aElgar advanced introductions | |
| 500 | _aIncludes index. | ||
| 504 | _aIncludes bibliographical references (pages 153-162). | ||
| 650 | 0 |
_aPublic administration. _93861 |
|
| 830 | 0 |
_aElgar advanced introductions. _93862 |
|
| 942 |
_2ddc _cBOOK |
||